000 00903nam a2200241Ia 4500
003 PE SENCICO BE
005 20251020182423.0
008 200515s9999 xx 000 0 und d
040 _aPE SENCICO BE
_cPE SENCICO BE
041 _aspa
082 _a373.126
_bS18
100 1 _aSalkind, Charles T.
_92107
245 1 0 _aProblemas de concurso :
_bproblemas seleccionados anualmente de los concursos para las escuelas secundarias de la Asociación Matemática de América /
_ccompilación: Charles T. Salkind
250 _a1a ed.
260 _aCali :
_bNorma ;
_c1961
300 _a195 p. :
_bgraf. ;
_c20 cm.
490 _aBiblioteca de matemática contemporánea
505 0 _aProblemas -- Tabla de respuestas -- Soluciones -- Clasificación de los problemas
650 1 0 _aEducación secundaria
_92108
650 2 0 _aAptitud académica
_92083
650 2 0 _aMatemáticas
_92106
942 _cLIB
_2ddc
999 _c29
_d29